|
|
|
|
| LEADER |
00943nab a2200265 i 4500 |
| 001 |
publ21485 |
| 005 |
20210527095146.0 |
| 008 |
210527s2021 hu o 0|| zxx d |
| 022 |
|
|
|a 2079-6382
|
| 024 |
7 |
|
|a 10.3390/antibiotics10050600
|2 doi
|
| 024 |
7 |
|
|a 32025517
|2 mtmt
|
| 040 |
|
|
|a SZTE Publicatio Repozitórium
|b hun
|
| 041 |
|
|
|a zxx
|
| 100 |
1 |
|
|a Durães Fernando
|
| 245 |
1 |
0 |
|a Xanthones Active against Multidrug Resistance and Virulence Mechanisms of Bacteria
|h [elektronikus dokumentum] /
|c Durães Fernando
|
| 260 |
|
|
|c 2021
|
| 300 |
|
|
|a Terjedelem: 17 p-Azonosító: 600
|
| 490 |
0 |
|
|a ANTIBIOTICS
|v 10 No. 5
|
| 700 |
0 |
1 |
|a Resende Diana I. S. P.
|e aut
|
| 700 |
0 |
1 |
|a Palmeira Andreia
|e aut
|
| 700 |
0 |
1 |
|a Szemerédi Nikoletta
|e aut
|
| 700 |
0 |
1 |
|a Pinto Madalena M. M.
|e aut
|
| 700 |
0 |
1 |
|a Spengler Gabriella
|e aut
|
| 700 |
0 |
1 |
|a Sousa Emília
|e aut
|
| 856 |
4 |
0 |
|u http://publicatio.bibl.u-szeged.hu/21485/1/antibiotics-10-00600.pdf
|z Dokumentum-elérés
|